[Event "Fredericia Chess 2024 IM"]
[Site "Fredericia Denmark"]
[Date "2024.05.08"]
[Round "1.1"]
[White "Kopylov, Daniel"]
[Black "Skytte, Rasmus"]
[Result "1/2-1/2"]
[WhiteElo "2368"]
[BlackElo "2358"]
[WhiteFideId "12921971"]
[BlackFideId "1404210"]
[SourceTitle "Live"]

1. d4   d5  2. c4   e6  3. Nf3   Nf6  4. Nc3   Bb4  5. Bg5   Nbd7  6. cxd5   exd5  7. e3   c6  8. Bd3   h6  9. Bh4   O-O 10. O-O  10... Re8  11. Qc2   Be7  12. Bg3   Nf8  13. Ne5   Nh5  14. Rad1   Nxg3  15. hxg3   Bd6  16. Nf3   Bg4  17. e4   dxe4  18. Bxe4   Qd7  19. d5   c5  20. Rc1  20... Rad8  21. Nh2   Bh5  22. a4   Bg6  23. Rfe1   Be5  24. Bxg6   Nxg6  25. Rcd1   Bxc3  26. Rxe8+   Rxe8  27. bxc3   Ne7  28. c4   Nf5  29. Nf3   Nd6  30. a5  30... Qg4  31. a6   bxa6  32. Qa4   Qc8  1/2-1/2

[Event "Fredericia Chess 2024 IM"]
[Site "Fredericia Denmark"]
[Date "2024.05.08"]
[Round "1.2"]
[White "Kopylov, Michael"]
[Black "Licznerski, Lukasz"]
[Result "0-1"]
[WhiteElo "2376"]
[BlackElo "2418"]
[WhiteFideId "14105080"]
[BlackFideId "1179250"]
[SourceTitle "Live"]

1. d4   Nf6  2. c4   e6  3. g3   c5  4. Nf3   cxd4  5. Nxd4   d5  6. Bg2   e5  7. Nf3   d4  8. O-O   Nc6  9. e3   Be7  10. exd4  10... exd4  11. Bf4   O-O  12. Ne5   Qb6  13. Qb3   Na5  14. Qxb6   axb6  15. Nd2   Nh5  16. Rfe1   Nxf4  17. gxf4   Bb4  18. Rad1   Be6  19. a3   Bxd2  20. Rxd2  20... Rfd8  21. b4   Nb3  22. Rd3   f6  23. Nc6   Bxc4  24. Nxd8   Rxd8  25. Rdd1   b5  26. Bxb7   d3  27. Kg2   d2  28. Re3   Nc1  29. Kf3   f5  30. Bc6  30... Rd6  31. Be8   Kf8  32. a4   bxa4  33. Bxa4   Bd5+  34. Kg3   Rg6+  35. Kh3   Bg2+  36. Kh4   Rg4+  37. Kh5   Kf7  0-1

[Event "Fredericia Chess 2024 IM"]
[Site "Fredericia Denmark"]
[Date "2024.05.08"]
[Round "1.3"]
[White "Thorsen, Adrian Stenstrop"]
[Black "Liu, Casper Yukun"]
[Result "1-0"]
[WhiteElo "2188"]
[BlackElo "2306"]
[WhiteFideId "1473760"]
[BlackFideId "1454153"]
[SourceTitle "Live"]

1. c4   f5  2. g3   Nf6  3. Bg2   g6  4. d4   Bg7  5. Nf3   O-O  6. O-O   d6  7. Nc3   Nc6  8. d5   Na5  9. b3   Ne4  10. Nxe4  10... fxe4  11. Nd4   c5  12. dxc6   bxc6  13. Bxe4   Bh3  14. Bg2   Bxg2  15. Kxg2   Qb6  16. Be3   c5  17. Ne6   Bxa1  18. Qd5   Rfc8  19. Nc7+   e6  20. Qxe6+  20... Kh8  21. Nd5   Qd8  22. Rxa1   Nc6  23. Bd2  1-0

[Event "Fredericia Chess 2024 IM"]
[Site "Fredericia Denmark"]
[Date "2024.05.08"]
[Round "1.4"]
[White "Easwaralingam, Adesh"]
[Black "Koch Mueller, Oscar"]
[Result "1-0"]
[WhiteElo "2168"]
[BlackElo "2054"]
[WhiteFideId "1448552"]
[BlackFideId "1447955"]
[SourceTitle "Live"]

1. d4   Nf6  2. c4   e6  3. Nf3   d5  4. g3   Bb4+  5. Bd2   Be7  6. Qc2   O-O  7. Bg2   c6  8. O-O   Nbd7  9. Rc1   a5  10. a4  10... Re8  11. b3   Ne4  12. Be1   f5  13. Nfd2   Bf6  14. Nxe4   fxe4  15. Bc3   Qe7  16. Qd2   b6  17. Bb2   Ba6  18. cxd5   cxd5  19. Ba3   Qf7  20. Nc3  20... Rec8  21. Nb5   Bxb5  22. axb5   e5  23. dxe5   Bxe5  24. Ra2   Nc5  25. Bxc5   bxc5  26. Rxa5   Qb7  27. Bh3   Re8  28. Rxa8   Qxa8  29. Rxc5   d4  30. Bd7  30... e3  31. fxe3   Rf8  32. Qc1   dxe3  33. Rxe5   Qd8  34. Be6+   Kh8  35. Rxe3   Qd4  36. Kg2   h6  1-0

[Event "Fredericia Chess 2024 IM"]
[Site "Fredericia Denmark"]
[Date "2024.05.08"]
[Round "1.5"]
[White "Kanov, Nikola Krasimirov"]
[Black "Ramsdal, Jens Albert"]
[Result "1-0"]
[WhiteElo "2413"]
[BlackElo "2369"]
[WhiteFideId "2928531"]
[BlackFideId "1429221"]
[SourceTitle "Live"]

1. e4   c5  2. Nf3   d6  3. d4   cxd4  4. Nxd4   Nf6  5. Nc3   Nc6  6. Bg5   e6  7. Qd2   a6  8. Nxc6   bxc6  9. O-O-O   Be7  10. Bxf6  10... gxf6  11. Bc4   Qa5  12. Kb1   Bd7  13. Rhe1   Rb8  14. Bb3   Qh5  15. f4   Rd8  16. Qf2   Rg8  17. h3   Kf8  18. g4   Qa5  19. e5   fxe5  20. f5  20... exf5  21. gxf5   Qc5  22. Qf3   d5  23. f6   Bd6  24. Qh5   Be6  25. Ne4   dxe4  26. Bxe6   fxe6  27. Qh6+   Kf7  28. Qxh7+   Kf8  29. f7   Rg2  30. Qh8+  30... Ke7  31. Qxd8+   Kxd8  32. f8=Q+   Kc7  33. Qf7+   Be7  34. c3   e3  35. Qxe6   Rd2  36. b4   Qxc3  37. Qxe7+   Kc8  38. Qe6+   Kc7  39. Qb3   Qd4  40. Rc1  40... e2  41. Qc3   Qd5  1-0

[Event "Fredericia Chess 2024 IM"]
[Site "Fredericia Denmark"]
[Date "2024.05.09"]
[Round "2.1"]
[White "Licznerski, Lukasz"]
[Black "Thorsen, Adrian Stenstrop"]
[Result "1-0"]
[WhiteElo "2418"]
[BlackElo "2188"]
[WhiteFideId "1179250"]
[BlackFideId "1473760"]
[SourceTitle "Live"]

1. e4   e5  2. Nc3   Nf6  3. Nf3   Nc6  4. g3   d5  5. exd5   Nxd5  6. Bg2   Nxc3  7. bxc3   e4  8. Qe2   Qe7  9. Nd4   Nxd4  10. cxd4  10... f5  11. O-O   Bd7  12. d3   Bc6  13. c4   exd3  14. Bxc6+   bxc6  15. Qxd3   Qe4  16. Qxe4+   fxe4  17. Re1   O-O-O  18. Rxe4   h6  19. Be3   Bb4  20. Rb1  20... a5  21. Re6   Kd7  22. Rg6   Rhg8  23. c5   Rb8  24. Bf4   Rbe8  25. Rb3   Re1+  26. Kg2   Re2  27. a3   Be1  28. Kf1  1-0

[Event "Fredericia Chess 2024 IM"]
[Site "Fredericia Denmark"]
[Date "2024.05.09"]
[Round "2.2"]
[White "Liu, Casper Yukun"]
[Black "Easwaralingam, Adesh"]
[Result "1-0"]
[WhiteElo "2306"]
[BlackElo "2168"]
[WhiteFideId "1454153"]
[BlackFideId "1448552"]
[SourceTitle "Live"]

1. Nf3   Nf6  2. g3   b5  3. Bg2   Bb7  4. O-O   e6  5. d3   c5  6. e4   d5  7. exd5   Nxd5  8. c4   bxc4  9. dxc4   Nb4  10. Qxd8+  10... Kxd8  11. Nc3   a6  12. Na4   Ke8  13. Nb6   Ra7  14. Bf4   N8c6  15. Rfd1   Nc2  16. Rac1   N2d4  17. Nxd4   Nxd4  18. Rxd4   Bxg2  19. Kxg2   cxd4  20. c5  20... Be7  21. c6   Bd8  22. Nc8   Rc7  23. Nd6+   Ke7  24. Nb7   f6  25. Bd6+   Ke8  26. b4   d3  27. Bxc7   Bxc7  28. Rd1   Rf8  29. Rxd3   Rf7  30. Nc5  30... a5  31. b5   Re7  32. Nd7  1-0

[Event "Fredericia Chess 2024 IM"]
[Site "Fredericia Denmark"]
[Date "2024.05.09"]
[Round "2.3"]
[White "Koch Mueller, Oscar"]
[Black "Kanov, Nikola Krasimirov"]
[Result "0-1"]
[WhiteElo "2054"]
[BlackElo "2413"]
[WhiteFideId "1447955"]
[BlackFideId "2928531"]
[SourceTitle "Live"]

1. d4   Nf6  2. c4   e6  3. Nf3   b6  4. g3   Ba6  5. b3   Bb7  6. Bg2   Bb4+  7. Bd2   a5  8. a3   Be7  9. Nc3   O-O  10. O-O  10... d5  11. Ne5   c5  12. Bf4   Nbd7  13. Nb5   Nxe5  14. Bxe5   Qd7  15. dxc5   bxc5  16. a4   Rfd8  17. Qc2   Ng4  18. Bc7   Rdc8  19. h3   Nh6  20. Bf4  20... g5  21. Bc1   d4  22. Bxb7   Qxb7  23. e3   Rd8  24. exd4   cxd4  25. h4   d3  26. Qb2   Ng4  27. Bxg5   f6  28. Bd2   Ne5  29. Kh2   Nf3+  30. Kh3  30... Qe4  31. Rae1   Nxe1  32. Rxe1   Qf3  33. Nc7   Bc5  34. Bf4   d2  35. Bxd2   Qf5+  36. Kg2   Qxf2+  37. Kh3   Rxd2  38. Qb1   Qg2+  39. Kg4   Rd4+  40. Kh5  40... Qf3+  0-1

[Event "Fredericia Chess 2024 IM"]
[Site "Fredericia Denmark"]
[Date "2024.05.09"]
[Round "2.4"]
[White "Kopylov, Daniel"]
[Black "Kopylov, Michael"]
[Result "1/2-1/2"]
[WhiteElo "2368"]
[BlackElo "2376"]
[WhiteFideId "12921971"]
[BlackFideId "14105080"]
[SourceTitle "Live"]

1. c4   Nf6  2. g3   g6  3. Bg2   Bg7  4. Nf3   O-O  5. O-O   c5  6. d4   d5  7. cxd5   cxd4  8. Nxd4   Nxd5  9. Nb5   Be6  10. Nd4  10... Bc8  11. Nb5   Be6  12. Nd4   Bc8  1/2-1/2

[Event "Fredericia Chess 2024 IM"]
[Site "Fredericia Denmark"]
[Date "2024.05.09"]
[Round "2.5"]
[White "Skytte, Rasmus"]
[Black "Ramsdal, Jens Albert"]
[Result "1/2-1/2"]
[WhiteElo "2358"]
[BlackElo "2369"]
[WhiteFideId "1404210"]
[BlackFideId "1429221"]
[SourceTitle "Live"]

1. e4   c5  2. c3   Nf6  3. e5   Nd5  4. Nf3   d6  5. exd6   e6  6. g3   Bxd6  7. Bg2   Nc6  8. d4   cxd4  9. Nxd4   Nxd4  10. Qxd4  10... O-O  11. O-O   Qc7  12. c4   Nf6  13. Nc3   Bd7  14. Nb5   Bxb5  15. cxb5   Rfd8  16. Qc3   Qe7  17. Qb3   Bc5  18. Be3   Bxe3  19. Qxe3   Nd5  20. Qb3  20... Rac8  21. Rac1   Rc5  22. a4   b6  23. Rfd1   g6  24. Rc4   Rxc4  25. Qxc4   Nf6  26. Rc1   Kg7  27. Qc3   Qd6  28. a5   Qd2  29. axb6   Qxc3  30. bxc3  30... axb6  31. c4   Nd7  32. Rd1   Kf6  33. Rd6   Ke7  34. Rc6   Ne5  35. Rxb6   Nxc4  36. Rb7+   Rd7  37. f4   Rxb7  38. Bxb7   Kd6  39. Kf2   Kc5  40. Bc6  40... Nd6  41. Kf3   Nxb5  42. Bd7   Nc7  43. Ba4   Kd4  44. h4   f6  45. Bc2   f5  46. Ba4   Kc5  47. g4   Nb5  48. g5   Kb4  49. Bd1   Nc3  50. Bc2  50... Kc4  51. Ke3   Nd5+  52. Kf3   Kd4  53. Ba4   e5  54. fxe5   Kxe5  55. Bb3   Ne7  56. Ba2   f4  57. Bb1   Nf5  58. Kg4   Ng7  59. Kf3   Ne6  60. Kg4  60... Nd4  61. Bd3   Ne6  62. Bb1   Nc5  63. Kf3   Nb3  64. Bd3   Nd2+  65. Ke2   Ne4  66. Kf3   Ng3  67. Bb1   Nf5  68. Kg4   Ne7  69. Kf3   Nd5  70. Ba2  70... Ne7  71. Bb1   Nf5  72. Kg4   h5+  73. gxh6   Nxh6+  74. Kg5   f3  75. Bxg6   f2  76. Bd3   Ng8  1/2-1/2

[Event "Fredericia Chess 2024 IM"]
[Site "Fredericia Denmark"]
[Date "2024.05.09"]
[Round "3.1"]
[White "Kanov, Nikola Krasimirov"]
[Black "Liu, Casper Yukun"]
[Result "1/2-1/2"]
[WhiteElo "2413"]
[BlackElo "2306"]
[WhiteFideId "2928531"]
[BlackFideId "1454153"]
[SourceTitle "Live"]

1. e4   c5  2. Nf3   Nc6  3. d4   cxd4  4. Nxd4   Nf6  5. Nc3   e5  6. Ndb5   d6  7. Bg5   a6  8. Na3   b5  9. Nd5   Be7  10. Bxf6  10... Bxf6  11. c3   Bg5  12. Nc2   Rb8  13. g3   O-O  14. h4   Bh6  15. Bh3   Be6  16. Ncb4   Nxb4  17. Nxb4   Rb7  18. Bxe6   fxe6  19. O-O   Rbf7  20. Qe2  20... a5  21. Nd3   Qc7  22. a4   Qc6  23. axb5   Qxb5  24. Kg2   a4  25. Rfe1   g5  26. hxg5   Bxg5  27. Rad1   Qb3  28. Qg4   Rg7  29. Qe2   Rgf7  30. Qg4  30... Rg7  31. Qe2   a3  32. bxa3   Qxa3  33. Qb2   Qxb2  1/2-1/2

[Event "Fredericia Chess 2024 IM"]
[Site "Fredericia Denmark"]
[Date "2024.05.09"]
[Round "3.2"]
[White "Easwaralingam, Adesh"]
[Black "Licznerski, Lukasz"]
[Result "1/2-1/2"]
[WhiteElo "2168"]
[BlackElo "2418"]
[WhiteFideId "1448552"]
[BlackFideId "1179250"]
[SourceTitle "Live"]

1. e4   c6  2. d4   d5  3. e5   Bf5  4. Nd2   e6  5. Nb3   c5  6. dxc5   Bxc5  7. Bb5+   Nc6  8. Bxc6+   bxc6  9. Nxc5   Qa5+  10. c3  10... Qxc5  11. Ne2   Qc4  12. Qd4   Ne7  13. b3   Qxd4  14. cxd4   Bd3  15. Ba3   Nf5  16. Rd1   Bxe2  17. Kxe2   h5  18. Kd3   Kd7  19. Rc1   a5  20. Rc3  20... Rhb8  21. Rhc1   a4  22. b4   Ra6  23. Rc5   f6  24. Rb1   Rb5  25. Rxb5   cxb5  26. Rc1   fxe5  27. dxe5   Nh4  28. Bb2   a3  29. Bd4   g5  30. Rc5  30... Rb6  31. Rc3   Ra6  32. Rc5  1/2-1/2

[Event "Fredericia Chess 2024 IM"]
[Site "Fredericia Denmark"]
[Date "2024.05.09"]
[Round "3.3"]
[White "Thorsen, Adrian Stenstrop"]
[Black "Kopylov, Daniel"]
[Result "0-1"]
[WhiteElo "2188"]
[BlackElo "2368"]
[WhiteFideId "1473760"]
[BlackFideId "12921971"]
[SourceTitle "Live"]

1. c4   c5 2. g3   g6  3. Bg2   Bg7  4. Nc3   Nc6  5. Nf3   e5  6. a3   Nge7  7. O-O   O-O  8. Rb1   d6  9. b4   Rb8  10. d3  10... h6  11. Ne1   b6  12. Qa4   Bb7  13. Nc2   Qd7  14. Nd5   Rfd8  15. Nce3   Nd4  16. Qd1   Kh7  17. Nxe7   Bxg2  18. Kxg2   Qxe7  19. Nd5   Qd7  20. e3  20... Ne6  21. h4   h5  22. Bb2   Rf8  23. f4   f5  24. Qf3   Rbe8  25. Ba1   Qa4  26. b5   Qc2+  27. Kh3   Qxd3  28. fxe5   dxe5  29. Rbc1   f4  30. exf4  30... Qf5+  31. Kh2   e4  32. Qg2   Nd4  33. Bxd4   cxd4  34. Rfe1   e3  35. Qf3   Qd3  36. c5   bxc5  37. Rxc5   Qd2+  38. Re2   Qd1  39. Rc7   Qb1  40. Rxa7  40... d3  41. Rxe3   Qc2+  42. Kh3   d2  43. Rd3   Re1  44. Nc3   Rh1+  45. Qxh1   Qxd3  46. Nd1   Re8  47. Nf2   Qf5+  48. Kh2   Qc5  49. Ne4   Qxa7  50. Ng5+  50... Kh6  0-1

[Event "Fredericia Chess 2024 IM"]
[Site "Fredericia Denmark"]
[Date "2024.05.09"]
[Round "3.4"]
[White "Kopylov, Michael"]
[Black "Skytte, Rasmus"]
[Result "0-1"]
[WhiteElo "2376"]
[BlackElo "2358"]
[WhiteFideId "14105080"]
[BlackFideId "1404210"]
[SourceTitle "Live"]

1. d4   Nf6  2. c4   c5  3. d5   d6  4. Nc3   g6  5. e4   Bg7  6. h3   O-O  7. Nf3   e6  8. Bd3   Na6  9. O-O   Nc7  10. Re1  10... Rb8  11. Bg5   h6  12. Be3   exd5  13. exd5   b5  14. Qd2   bxc4  15. Bxc4   Kh7  16. Bf4   Rb4  17. b3   Ba6  18. Bxa6   Nxa6  19. Bh2   Nc7  20. Rad1  20... Qd7  21. Qc2   c4  22. Nd2   cxb3  23. axb3   Rfb8  24. Nc4   Nfe8  25. Na5   Qf5  26. Qxf5   gxf5  27. Na2   Re4  28. Rxe4   fxe4  29. Nc4   Rxb3  30. Nxd6  30... Rd3  31. Rxd3   exd3  32. Kf1   Nxd6  33. Bxd6   Nxd5  34. Ke1   Nc3  35. Nxc3   Bxc3+  36. Kf1   a5  37. f3   a4  38. Kf2   Bb2  39. Ke3   a3  40. Bxa3  40... Bxa3  41. Kxd3   Kg6  42. Ke4   f5+  43. Ke3   Bc5+  44. Ke2   f4  0-1

[Event "Fredericia Chess 2024 IM"]
[Site "Fredericia Denmark"]
[Date "2024.05.09"]
[Round "3.5"]
[White "Ramsdal, Jens Albert"]
[Black "Koch Mueller, Oscar"]
[Result "1-0"]
[WhiteElo "2369"]
[BlackElo "2054"]
[WhiteFideId "1429221"]
[BlackFideId "1447955"]
[SourceTitle "Live"]

1. Nf3   Nf6  2. g3   b5  3. Bg2   Bb7  4. O-O   e6  5. b3   Be7  6. c4   b4  7. d3   O-O  8. e4   d6  9. Nbd2   c5  10. Qe2  10... Nc6  11. Bb2   e5  12. Nh4   Ne8  13. Nf5   g6  14. Ne3   Ng7  15. f4   Ne6  16. Qf2   exf4  17. gxf4   Bh4  18. Qe2   Ncd4  19. Qg4   f5  20. Nxf5  20... Nxf5  21. exf5   Bxg2  22. fxg6   Bf6  23. Qxe6+   Kh8  24. g7+   Kxg7  25. Kxg2   Bxb2  26. Rae1   Kh8  27. Re3   Rf6  28. Qd5   Qf8  29. Ne4   Re8  30. Ref3  30... Rg6+  31. Rg3   Qh6  32. Rf3   Reg8  33. Nxd6   Rxg3+  34. hxg3   Qf6  35. Ne4   Qa6  36. Rf2   Bd4  37. Re2   Re8  38. Kf3   Qh6  39. Kg2   Qa6  40. Qf7  40... Qc6  41. Kf3   Bg7  42. Rh2   Rd8  43. Qf5   h6  44. Kg4   Rxd3  45. Ng5   Qd7  46. Nf7+   Kg8  47. Nxh6+   Kh8  48. Qxd7   Rxd7  49. Nf5+   Kg8  50. Nxg7  1-0

[Event "Fredericia Chess 2024 IM"]
[Site "Fredericia Denmark"]
[Date "2024.05.10"]
[Round "4.1"]
[White "Licznerski, Lukasz"]
[Black "Kanov, Nikola Krasimirov"]
[Result "1-0"]
[WhiteElo "2418"]
[BlackElo "2413"]
[WhiteFideId "1179250"]
[BlackFideId "2928531"]
[SourceTitle "Live"]

1. e4   c5  2. Nf3   e6  3. d4   cxd4  4. Nxd4   Nc6  5. Nc3   Qc7  6. Be3   a6  7. Bd3   Nf6  8. O-O   Ne5  9. h3   d6  10. f4  10... Ng6  11. f5   Ne5  12. fxe6   fxe6  13. Nf3   b5  14. Nxe5   dxe5  15. a3   Bc5  16. Qe2   O-O  17. Bxc5   Qxc5+  18. Qf2   Qc7  19. Qe3   Bb7  20. Rf2  20... Rad8  21. Raf1   Rd7  22. Ne2   Rdf7  23. Ng3   Qc6  24. Rf3   g6  25. Kh1   Nd7  26. Rxf7   Rxf7  27. Rxf7   Kxf7  28. Nf1   Qc5  29. Qxc5   Nxc5  30. Nd2  30... Na4  31. b4   Nc3  32. Kg1   Ke7  33. Kf2   Kd6  34. Ke3   Nd1+  35. Kf3   Nc3  36. h4   h6  37. Nb3   Nb1  38. Na5   Kc7  39. c4   Nxa3  40. c5  40... Ba8  41. Ke3   Kb8  42. g4   g5  43. h5   Kc7  44. Kd2   Kd7  45. Kc3   Bc6  46. Kb3   Nc4  47. Bxc4   bxc4+  48. Nxc4   Bxe4  49. Nxe5+   Ke7  50. Kc3  50... Bd5  51. Kd4   Bg2  52. c6   Kd6  53. Nf7+   Kxc6  54. Nxh6   Kd6 55. Nf7+   Ke7  56. Nxg5   Kf6  57. Ne4+   Kg7  58. Ke5   Bf3  59. Kf4   Be2  60. Ng3  60... Bd1  61. g5   Kf7  62. g6+   Kf6  63. Ne4+   Kg7  64. Kg5  1-0

[Event "Fredericia Chess 2024 IM"]
[Site "Fredericia Denmark"]
[Date "2024.05.10"]
[Round "4.2"]
[White "Kopylov, Daniel"]
[Black "Easwaralingam, Adesh"]
[Result "1/2-1/2"]
[WhiteElo "2368"]
[BlackElo "2168"]
[WhiteFideId "12921971"]
[BlackFideId "1448552"]
[SourceTitle "Live"]

1. d4   Nf6  2. Nf3   d5  3. c4   e6  4. Nc3   Be7  5. Bf4   c6  6. e3   Nbd7  7. h3   O-O  8. Rc1   b6  9. cxd5   exd5  10. Bd3  10... Re8  11. O-O   Bf8  12. Qc2   Bb7  13. e4   dxe4  14. Nxe4   c5  15. Neg5   g6  16. Qb3   Nd5  17. Ba6   Bxa6  18. Qxd5   Ne5  19. Qxd8   Nxf3+  20. Nxf3  20... Raxd8  21. Rfe1   Re5 22. Re2 Rxe2  23. Rd1 Re1+ 24. Rxe1   cxd4  25. Bg5   Rc8  26. Nxd4   Bg7  27. Rd1   h6  28. Be3   Rd8  29. b3   f5  30. Rd2  30... Bxd4  31. Bxd4   Kf7  32. Be3   Rxd2  33. Bxd2   g5  1/2-1/2

[Event "Fredericia Chess 2024 IM"]
[Site "Fredericia Denmark"]
[Date "2024.05.10"]
[Round "4.3"]
[White "Skytte, Rasmus"]
[Black "Koch Mueller, Oscar"]
[Result "1-0"]
[WhiteElo "2358"]
[BlackElo "2054"]
[WhiteFideId "1404210"]
[BlackFideId "1447955"]
[SourceTitle "Live"]

1. e4   e6  2. d4   d5  3. Nc3   Bb4  4. exd5   exd5  5. Bd3   Nf6  6. Ne2   O-O  7. O-O   c6  8. a3   Bd6  9. Bf4   Bg4  10. Qd2  10... Qc7  11. Bxd6   Qxd6  12. f3   Bh5  13. Qf4   Qxf4  14. Nxf4   Nbd7  15. Rfe1   Rfe8  16. Kf2   g5  17. Nxh5   Nxh5  18. Ne2   h6  19. h4   Nf4  20. Nxf4  20... gxf4  21. h5   Nf8  22. c3   Ne6  23. Rh1   c5  24. Bb5   Re7  25. dxc5   a6  26. Bf1   Nxc5  27. Rh4   Ne6  28. Re1   Rd7  29. Bd3   d4  30. c4  30... Rc8  31. b4   a5  32. c5   axb4  33. axb4   Ra8  34. Bc4   d3  35. Bxe6   fxe6  36. Rg4+   Kh8  37. Rxf4   Ra2+  38. Ke3   Rxg2  39. Rf6   Kg7  40. Rxe6  40... Kf7  41. Re4   Kf6  42. Rd1   Re2+  43. Kf4   Rh2  44. Re8   Rxh5  45. Ke3   Rhd5  46. Rd2   h5  47. Re4   Kg5  48. Rg2+   Kh6  49. Kd2   Rg7  50. Rxg7  50... Kxg7  51. Re7+   Kg6  52. Rxb7   h4  53. Rb8   h3  54. Rg8+   Kh7  55. Rg1   Rd4  56. Rh1   Kg6  57. Rxh3   Rxb4  58. Kxd3   Kf5  59. c6   Ke6  60. Rh6+  60... Ke7  61. Rh7+   Kd8  62. Ke3   Rc4  63. c7+   Kc8  64. Re7   Ra4  65. Kf2   Rc4  66. Kg3   Rd4  67. f4   Rc4  68. Kg4   Rc5  69. f5   Rc1  70. f6  70... Rf1  71. f7   Rg1+  72. Kf5   Rf1+  73. Kg6   Rg1+  74. Kf6   Rf1+  75. Kg7   Rg1+  76. Kf8  1-0

[Event "Fredericia Chess 2024 IM"]
[Site "Fredericia Denmark"]
[Date "2024.05.10"]
[Round "4.4"]
[White "Liu, Casper Yukun"]
[Black "Ramsdal, Jens Albert"]
[Result "1/2-1/2"]
[WhiteElo "2306"]
[BlackElo "2369"]
[WhiteFideId "1454153"]
[BlackFideId "1429221"]
[SourceTitle "Live"]

1. c4   c6  2. Nc3   d5  3. d4   Nf6  4. cxd5   cxd5  5. Bf4   a6  6. e3   Nc6  7. Bd3   Bg4  8. f3   Bh5  9. Qb3   Na5  10. Qa4+  10... Nc6  11. Qb3   Na5  12. Qa4+   Nc6  13. Qb3  1/2-1/2

[Event "Fredericia Chess 2024 IM"]
[Site "Fredericia Denmark"]
[Date "2024.05.10"]
[Round "4.5"]
[White "Kopylov, Michael"]
[Black "Thorsen, Adrian Stenstrop"]
[Result "1-0"]
[WhiteElo "2376"]
[BlackElo "2188"]
[WhiteFideId "14105080"]
[BlackFideId "1473760"]
[SourceTitle "Live"]

1. Nf3   d5  2. c4   d4  3. g3   Nf6  4. Bg2   c5  5. b4   e6  6. O-O   cxb4  7. a3   Nc6  8. d3   bxa3  9. Nbd2   e5  10. Qa4  10... Bd7  11. Bxa3   Bxa3  12. Qxa3   Qe7  13. Rfb1   Qxa3  14. Rxa3   Rb8  15. Rab3   a5  16. Rb5   O-O  17. Nxe5   Nxe5  18. Rxe5   a4  19. Nf3   b5  20. cxb5  20... Rfc8  21. Nxd4   Rc3  22. b6   h5  23. b7  1-0

[Event "Fredericia Chess 2024 IM"]
[Site "Fredericia Denmark"]
[Date "2024.05.10"]
[Round "5.1"]
[White "Ramsdal, Jens Albert"]
[Black "Licznerski, Lukasz"]
[Result "0-1"]
[WhiteElo "2369"]
[BlackElo "2418"]
[WhiteFideId "1429221"]
[BlackFideId "1179250"]
[SourceTitle "Live"]

1. d4   Nf6  2. c4   e6  3. Nf3   b6  4. g3   Ba6  5. b3   Bb4+  6. Bd2   Be7  7. Nc3   c6  8. e4   d5  9. cxd5   Bxf1  10. Kxf1  10... cxd5  11. e5   Ne4  12. Kg2   Nc6  13. Re1   Nxd2  14. Qxd2   O-O  15. h4   Rc8  16. Re3   Qd7  17. Rh1   Bb4  18. Qb2   Ne7  19. Ne2   Nf5  20. Rd3  20... h5  21. Nf4   g6  22. Ng5   Be7  23. Qe2   Kg7  24. Rdd1   Rc3  25. Nf3   Rfc8  26. Rd3   Rc2  27. Rd2   Qc6  28. Rhd1   Bb4  29. Rxc2   Qxc2  30. Kf1  30... Qe4  31. Qxe4   dxe4  32. Ng5   e3  33. Ne2   Rc2  34. d5   Rd2  35. Rc1   Rxd5  36. Rc7   Be7  37. Nc3   Rd2  38. Nge4   Rc2  39. Rxa7   exf2  40. Ne2  40... Bb4  41. Rd7   Rxa2  42. Kxf2   Ra5  43. Ng5   Be7  44. Nf3   Bc5+  45. Kg2   Ra2  46. Rd2   Ne3+  47. Kh3   Ra1  48. Nf4   Rf1  49. Ng5   Rh1+  50. Rh2  50... Rxh2+  51. Kxh2   Ng4+  52. Kg2   Nxe5  53. Kf1   Nc6  54. Ne2   Na5  0-1